Zekhuyot ha-yeled be-ḥuke medinat Yisraʼel. (Record no. 30885)

MARC details
000 -LEADER
fixed length control field 00628cam a22002171 4500
001 - CONTROL NUMBER
control field he 65000179
003 - CONTROL NUMBER IDENTIFIER
control field DLC
005 - DATE AND TIME OF LATEST TRANSACTION
control field 20260227111428.0
008 - FIXED-LENGTH DATA ELEMENTS--GENERAL INFORMATION
fixed length control field 831214s1964 is 000 0 heb
010 ## - LIBRARY OF CONGRESS CONTROL NUMBER
LC control number he 65000179
035 ## - SYSTEM CONTROL NUMBER
System control number (OCoLC)19145488
040 ## - CATALOGING SOURCE
Original cataloging agency DLC
Transcribing agency MH
Modifying agency DLC
042 ## - AUTHENTICATION CODE
Authentication code premarc
050 00 - LIBRARY OF CONGRESS CALL NUMBER
Classification number KMK517
Item number .A938 1964
100 1# - MAIN ENTRY--PERSONAL NAME
Personal name Allony, Shulamit.
245 10 - TITLE STATEMENT
Title Zekhuyot ha-yeled be-ḥuke medinat Yisraʼel.
260 ## - PUBLICATION, DISTRIBUTION, ETC.
Place of publication, distribution, etc. [Tel-Aviv] :
Name of publisher, distributor, etc. Tarbut ṿe-ḥinukh,
Date of publication, distribution, etc. 724 [1964]
300 ## - PHYSICAL DESCRIPTION
Extent 298 p. :
Other physical details ill. port. ;
Dimensions 22 cm.
650 #0 - SUBJECT ADDED ENTRY--TOPICAL TERM
Topical term or geographic name entry element Children
General subdivision Legal status, laws, etc.
Geographic subdivision Israel.
752 ## - ADDED ENTRY--HIERARCHICAL PLACE NAME
Country or larger entity Israel
City Tel Aviv

No items available.

Powered by Koha